|
|
|
|
| LEADER |
00715naa a2200205 i 4500 |
| 001 |
publ27991 |
| 005 |
20230731101700.0 |
| 008 |
230731s2014 hu o 0|| Magyar d |
| 020 |
|
|
|a 9789631204933
|
| 024 |
7 |
|
|a 2746977
|2 mtmt
|
| 040 |
|
|
|a SZTE Publicatio Repozitórium
|b hun
|
| 041 |
|
|
|a Magyar
|
| 100 |
1 |
|
|a Merkovity Norbert
|
| 245 |
1 |
0 |
|a Újmédia használat a kommunikációban
|h [elektronikus dokumentum] /
|c Merkovity Norbert
|
| 260 |
|
|
|a Primaware Kiadó
|b Szeged
|c 2014
|
| 300 |
|
|
|a 23
|
| 300 |
|
|
|a 219-241
|
| 490 |
0 |
|
|a Politikai kommunikáció-kutatások a közösségi média korában
|
| 650 |
|
4 |
|a Média és kommunikáció
|
| 856 |
4 |
0 |
|u http://publicatio.bibl.u-szeged.hu/27991/1/2746977.pdf
|z Dokumentum-elérés
|